000 00899cam a22002654a 4500
001 16527049
003 OSt
005 20180116192414.0
008 101101s2011 nyua 000 0 eng
010 _a 2010046627
020 _a9781935202462
040 _aDLC
_cDLC
050 0 0 _aNA2705
_b.J66 2011
082 0 0 _a720.222
_222
100 1 _aJones, Will.
_96368
245 1 0 _aArchitects' sketchbooks /
_cWill Jones ; foreword by Narinder Sagoo.
260 _aNew York, NY :
_bMetropolis Books,
_c2011.
300 _a351 p. :
_bill. (some col.) ;
_c23 x 31 cm.
650 0 _aArchitectural drawing.
_96369
650 0 _aArchitectural rendering.
_96370
906 _a7
_bcbc
_corignew
_d1
_eecip
_f20
_gy-gencatlg
942 _2ddc
_cBK
999 _c353655
_d353655